[Event "FICGS W-ch st1 g03 email"]
[Site "FICGS email"]
[Date "2019.07.01"]
[Round "1"]
[White "Velasco, Maria Jose"]
[Black "Knittel, Martin"]
[Result "1/2-1/2"]
[WhiteElo "1832"]
[BlackElo "1613"]
[PlyCount "76"]
[EventDate "2019.??.??"]
[EventType "tourn (corr)"]
[EventRounds "8"]
[SourceTitle "Corr 2022"]
[Source "ChessBase"]
[SourceDate "2021.10.24"]
[SourceVersion "1"]
[SourceVersionDate "2021.10.24"]
[SourceQuality "1"]

1. c4 e5 2. Nc3 Nf6 3. Nf3 Nc6 4. g3 Bb4 5. Bg2 0-0 6. 0-0 e4 7. Ng5 Bxc3 8. bxc3 Re8 9. f3 exf3 10. Nxf3 Qe7 11. e3 Qc5 12. Nd4 Qxc4 13. Rxf6 Nxd4 14. Qh5 Ne2+ 15. Kf2 Nxc1 16. Bf1 g6 17. Bxc4 gxh5 18. Bxf7+ Kg7 19. Bxe8 Kxf6 20. Rxc1 h4 21. gxh4 d6 22. Ba4 Be6 23. Rb1 b6 24. a3 Rg8 25. Bc6 Rg4 26. Rb4 h6 27. Rxg4 Bxg4 28. Kg3 Be2 29. d4 Bc4 30. Kf3 a5 31. e4 Bf1 32. Kg4 Bc4 33. Kg3 Bf1 34. Kf4 Bc4 35. Ke3 Ke6 36. Kf4 Kf6 37. Ke3 Ke6 38. Kf4 Kf6 1/2-1/2

[Event "FICGS W-ch st1 g03 email"]
[Site "FICGS email"]
[Date "2019.07.01"]
[Round "1"]
[White "Walton, John"]
[Black "Velasco, Maria Jose"]
[Result "1/2-1/2"]
[WhiteElo "2055"]
[BlackElo "1832"]
[PlyCount "90"]
[EventDate "2019.??.??"]
[EventType "tourn (corr)"]
[EventRounds "8"]
[SourceTitle "Corr 2022"]
[Source "ChessBase"]
[SourceDate "2021.10.24"]
[SourceVersion "1"]
[SourceVersionDate "2021.10.24"]
[SourceQuality "1"]

1. d4 d5 2. c4 e6 3. Nf3 Nf6 4. g3 dxc4 5. Bg2 a6 6. 0-0 Nc6 7. e3 Bd7 8. Qe2 Bd6 9. Qxc4 0-0 10. Rd1 Qe7 11. Nc3 h6 12. Qe2 Rad8 13. Nd2 e5 14. d5 Na7 15. Nde4 Nxe4 16. Nxe4 Nc8 17. Qc2 Be8 18. Bd2 f5 19. Nxd6 Nxd6 20. Ba5 Rd7 21. Rdc1 Rf7 22. a4 e4 23. Ra3 Nc8 24. Bf1 Kh7 25. Bc3 Qd8 26. h4 Rfe7 27. Bb4 Rf7 28. Rc3 Nb6 29. d6 cxd6 30. Qd1 d5 31. Qd4 Nc4 32. a5 Qb8 33. Bxc4 dxc4 34. Qxc4 Qe5 35. Qc8 Rd5 36. Rc7 Rxc7 37. Rxc7 Rd1+ 38. Kh2 Qb5 39. Qxb7 Rh1+ 40. Kxh1 Qf1+ 41. Kh2 Qxf2+ 42. Kh3 Qf1+ 43. Kh2 Qf2+ 44. Kh3 Qf1+ 45. Kh2 Qf2+ 1/2-1/2

[Event "FICGS class A 000175 email"]
[Site "FICGS email"]
[Date "2016.12.29"]
[Round "1"]
[White "Eldridge, Mark"]
[Black "Velasco, Maria Jose"]
[Result "1-0"]
[WhiteElo "2244"]
[BlackElo "2027"]
[PlyCount "41"]
[EventDate "2016.??.??"]
[EventType "tourn (corr)"]
[EventRounds "6"]
[SourceTitle "Corr 2022"]
[Source "ChessBase"]
[SourceDate "2021.10.24"]
[SourceVersion "1"]
[SourceVersionDate "2021.10.24"]
[SourceQuality "1"]

1. e4 e5 2. Nf3 Nc6 3. Bb5 a6 4. Ba4 Nf6 5. 0-0 Be7 6. Re1 b5 7. Bb3 0-0 8. h3 Bb7 9. d3 d6 10. a3 Na5 11. Ba2 c5 12. Nbd2 Nc6 13. Nf1 Bc8 14. c3 a5 15. Ng3 a4 16. d4 Qc7 17. Be3 c4 18. Qe2 Re8 19. Rad1 Na5 20. Bb1 Nb3 21. Bc2 1-0

[Event "FICGS rapid A 000196 email"]
[Site "FICGS email"]
[Date "2016.12.10"]
[Round "1"]
[White "Pareschi, Remo"]
[Black "Velasco, Maria Jose"]
[Result "1/2-1/2"]
[WhiteElo "1902"]
[BlackElo "2027"]
[PlyCount "79"]
[EventDate "2016.??.??"]
[EventType "tourn (rapid)"]
[EventRounds "6"]
[SourceTitle "Corr 2022"]
[Source "ChessBase"]
[SourceDate "2021.10.24"]
[SourceVersion "1"]
[SourceVersionDate "2021.10.24"]
[SourceQuality "1"]

1. d4 d5 2. Bf4 Nf6 3. e3 c5 4. Nf3 Nc6 5. c3 Qb6 6. Qc1 Bf5 7. dxc5 Qxc5 8. Nbd2 e6 9. b4 Qb6 10. a4 a6 11. Nh4 Be4 12. Be2 Be7 13. Qb2 0-0 14. 0-0 Nd7 15. Nhf3 Bg6 16. Qb3 Rfc8 17. Rfd1 Bf6 18. e4 dxe4 19. Nc4 Qd8 20. Nfe5 Ncxe5 21. Nxe5 Bxe5 22. Bxe5 h6 23. c4 Qe7 24. Bd6 Qg5 25. a5 Bh5 26. Bxh5 Qxh5 27. Rd4 Nf6 28. Be7 Qf5 29. Bxf6 Qxf6 30. Rad1 Rd8 31. Qe3 Rxd4 32. Qxd4 Qe7 33. c5 f5 34. Qe5 Re8 35. Rd6 Kf7 36. Rb6 Rd8 37. h3 Rd5 38. Qf4 Kg6 39. g4 Kh7 40. Kg2 1/2-1/2

[Event "FICGS rapid A 000196 email"]
[Site "FICGS email"]
[Date "2016.12.10"]
[Round "1"]
[White "Sorbi, Luca"]
[Black "Velasco, Maria Jose"]
[Result "1/2-1/2"]
[WhiteElo "1927"]
[BlackElo "2027"]
[PlyCount "58"]
[EventDate "2016.??.??"]
[EventType "tourn (rapid)"]
[EventRounds "6"]
[SourceTitle "Corr 2022"]
[Source "ChessBase"]
[SourceDate "2021.10.24"]
[SourceVersion "1"]
[SourceVersionDate "2021.10.24"]
[SourceQuality "1"]

1. e4 c5 2. Nf3 d6 3. d4 cxd4 4. Nxd4 Nf6 5. Nc3 a6 6. Bg5 e6 7. f4 h6 8. Bh4 Qb6 9. Qd2 Qxb2 10. Rb1 Qa3 11. e5 dxe5 12. fxe5 Nfd7 13. Ne4 Qxa2 14. Rd1 Qd5 15. Qe3 Qxe5 16. Be2 Bc5 17. Bg3 Qd5 18. c4 Bxd4 19. Rxd4 Qa5+ 20. Rd2 0-0 21. Bd6 Rd8 22. Be7 Re8 23. Ba3 Nc6 24. 0-0 Nde5 25. Bc5 f5 26. Bb6 Qb4 27. Bc5 Qa5 28. Bb6 Qb4 29. Bc5 Qa5 1/2-1/2

[Event "FICGS rapid A 000196 email"]
[Site "FICGS email"]
[Date "2016.12.10"]
[Round "1"]
[White "Velasco, Maria Jose"]
[Black "De la Foret, Fred"]
[Result "1-0"]
[WhiteElo "2027"]
[BlackElo "1900"]
[PlyCount "49"]
[EventDate "2016.??.??"]
[EventType "tourn (rapid)"]
[EventRounds "6"]
[SourceTitle "Corr 2022"]
[Source "ChessBase"]
[SourceDate "2021.10.24"]
[SourceVersion "1"]
[SourceVersionDate "2021.10.24"]
[SourceQuality "1"]

1. d4 f5 2. g3 Nf6 3. Bg2 e6 4. c4 Be7 5. Nf3 0-0 6. 0-0 d6 7. Nc3 Ne4 8. Nxe4 fxe4 9. Nd2 d5 10. f3 e3 11. Nb1 c5 12. Bxe3 cxd4 13. Bxd4 Nc6 14. Bf2 d4 15. e3 d3 16. f4 Bf6 17. Nc3 Bxc3 18. bxc3 Rf7 19. Qb1 d2 20. Rd1 Na5 21. Qb4 Rb8 22. Rab1 b6 23. Rb2 Rd7 24. Bh3 Qe8 25. c5 1-0

[Event "FICGS class A 000174 email"]
[Site "FICGS email"]
[Date "2016.11.18"]
[Round "1"]
[White "Velasco, Maria Jose"]
[Black "Van Mechelen, Jan"]
[Result "1-0"]
[WhiteElo "2027"]
[BlackElo "2210"]
[PlyCount "51"]
[EventDate "2016.??.??"]
[EventType "tourn (corr)"]
[EventRounds "6"]
[SourceTitle "Corr 2022"]
[Source "ChessBase"]
[SourceDate "2021.10.24"]
[SourceVersion "1"]
[SourceVersionDate "2021.10.24"]
[SourceQuality "1"]

1. d4 d5 2. c4 e6 3. Nc3 Nf6 4. Nf3 Be7 5. Bf4 0-0 6. e3 b6 7. cxd5 Nxd5 8. Nxd5 exd5 9. Bd3 c5 10. b3 Nc6 11. 0-0 Bb7 12. Rc1 a5 13. Qc2 h6 14. Bb5 Rc8 15. Qf5 cxd4 16. Bxh6 Nb4 17. Bxg7 Kxg7 18. Qg4+ Kh8 19. Nxd4 Bf6 20. Nf5 Rxc1 21. Rxc1 Bc8 22. a3 Na2 23. Bd3 Nxc1 24. Qh5+ Kg8 25. Ne7+ Qxe7 26. Qh7# 1-0

[Event "FICGS rapid A 000191 email"]
[Site "FICGS email"]
[Date "2016.08.05"]
[Round "1"]
[White "Velasco, Maria Jose"]
[Black "Romano, Jacopo"]
[Result "1/2-1/2"]
[WhiteElo "1999"]
[BlackElo "1985"]
[PlyCount "40"]
[EventDate "2016.??.??"]
[EventType "tourn (rapid)"]
[EventRounds "6"]
[SourceTitle "Corr 2022"]
[Source "ChessBase"]
[SourceDate "2021.10.24"]
[SourceVersion "1"]
[SourceVersionDate "2021.10.24"]
[SourceQuality "1"]

1. Nf3 Nf6 2. c4 e6 3. d4 b6 4. g3 Ba6 5. b3 Bb4+ 6. Bd2 Be7 7. Bg2 c6 8. Bc3 d5 9. 0-0 0-0 10. Ne5 Nfd7 11. Nd3 dxc4 12. Nb4 cxb3 13. Nxa6 Nxa6 14. Bxc6 b2 15. Bxb2 Rb8 16. e3 Nf6 17. a3 b5 18. Bg2 Nc7 19. a4 b4 20. e4 Rc8 1/2-1/2

[Event "FICGS class C 000242 email"]
[Site "FICGS email"]
[Date "2016.05.30"]
[Round "1"]
[White "Velasco, Maria Jose"]
[Black "Mevel, Alberic"]
[Result "1/2-1/2"]
[WhiteElo "1933"]
[BlackElo "1901"]
[PlyCount "66"]
[EventDate "2016.??.??"]
[EventType "tourn (corr)"]
[EventRounds "1"]
[SourceTitle "Corr 2022"]
[Source "ChessBase"]
[SourceDate "2021.10.24"]
[SourceVersion "1"]
[SourceVersionDate "2021.10.24"]
[SourceQuality "1"]

1. d4 Nf6 2. c4 e6 3. Nf3 b6 4. g3 Ba6 5. b3 Bb7 6. Bg2 Bb4+ 7. Bd2 c5 8. Bxb4 cxb4 9. 0-0 0-0 10. Qd3 d6 11. Nbd2 Qc7 12. e4 e5 13. Rfe1 Nc6 14. Rac1 Rac8 15. Nf1 Nd8 16. d5 a5 17. Bh3 Ra8 18. Re2 Ba6 19. Qc2 Nb7 20. Ne1 Nc5 21. f3 b5 22. Ne3 Qa7 23. Kg2 Nfd7 24. Rf2 g6 25. cxb5 Bxb5 26. Nc4 Bxc4 27. Qxc4 a4 28. Rb1 axb3 29. axb3 Qb7 30. Nc2 Rfb8 31. Bxd7 Nxd7 32. Ne3 Rc8 33. Qe2 Rc3 1/2-1/2

[Event "FICGS class C 000240 email"]
[Site "FICGS email"]
[Date "2016.04.04"]
[Round "1"]
[White "Ranalli, Emmanuel Eduardo"]
[Black "Velasco, Maria Jose"]
[Result "0-1"]
[WhiteElo "1807"]
[BlackElo "1892"]
[PlyCount "40"]
[EventDate "2016.??.??"]
[EventType "tourn (corr)"]
[EventRounds "1"]
[SourceTitle "Corr 2022"]
[Source "ChessBase"]
[SourceDate "2021.10.24"]
[SourceVersion "1"]
[SourceVersionDate "2021.10.24"]
[SourceQuality "1"]

1. c4 c5 2. Nc3 Nf6 3. g3 e6 4. Bg2 d5 5. d3 d4 6. Ne4 Nxe4 7. Bxe4 Bd6 8. e3 0-0 9. exd4 cxd4 10. Qf3 Nd7 11. Bxb7 Ne5 12. Qg2 Nxd3+ 13. Kf1 Qa5 14. Bf4 Bxb7 15. Qxb7 e5 16. Bg5 f6 17. Rd1 Rab8 18. Qd7 Nxb2 19. Qe6+ Kh8 20. Bd2 Qxa2 0-1

[Event "FICGS class C 000240 email"]
[Site "FICGS email"]
[Date "2016.04.04"]
[Round "1"]
[White "Velasco, Maria Jose"]
[Black "Romano, Jacopo"]
[Result "1/2-1/2"]
[WhiteElo "1892"]
[BlackElo "1800"]
[PlyCount "124"]
[EventDate "2016.??.??"]
[EventType "tourn (corr)"]
[EventRounds "1"]
[SourceTitle "Corr 2022"]
[Source "ChessBase"]
[SourceDate "2021.10.24"]
[SourceVersion "1"]
[SourceVersionDate "2021.10.24"]
[SourceQuality "1"]

1. e4 e5 2. d4 exd4 3. Qxd4 Nc6 4. Qe3 Nf6 5. Bd2 Be7 6. Nc3 0-0 7. 0-0-0 d5 8. exd5 Nb4 9. Bc4 Bf5 10. Bb3 a5 11. a4 Re8 12. Nf3 Bg6 13. h4 Ng4 14. Qd4 Qc8 15. Rhe1 Qf5 16. Ne4 Bd6 17. Bc3 Nf6 18. Nxf6+ gxf6 19. Qxf6 Na2+ 20. Kb1 Nxc3+ 21. Qxc3 Rxe1 22. Qxe1 Qg4 23. Qe3 b5 24. Qg5 Qxg5 25. hxg5 bxa4 26. Bxa4 Bh5 27. Rd3 Rb8 28. Nd4 Rb4 29. b3 Bg6 30. Rd2 Bc5 31. Nb5 Re4 32. g3 Re1+ 33. Kb2 Bf8 34. c3 Bg7 35. f4 Be4 36. d6 cxd6 37. Nxd6 Rb1+ 38. Ka3 Bg6 39. Nb5 Bf8+ 40. Ka2 Rc1 41. g4 Be4 42. Nd6 Bxd6 43. Rxd6 Rxc3 44. Rd4 Bf3 45. Bd7 Rc2+ 46. Ka3 Rg2 47. Ka4 Ra2+ 48. Kb5 Rb2 49. Bf5 Rxb3+ 50. Kxa5 Rb2 51. Rd8+ Kg7 52. Rd7 Rg2 53. Be6 Bxg4 54. Rxf7+ Kg6 55. Rf6+ Kg7 56. Rf7+ Kg6 57. Bc4 Rf2 58. Kb6 h6 59. Rf6+ Kg7 60. Rxh6 Rxf4 61. Bd3 Rd4 62. Bc2 Be2 1/2-1/2

[Event "FICGS class C 000240 email"]
[Site "FICGS email"]
[Date "2016.04.04"]
[Round "1"]
[White "Velasco, Maria Jose"]
[Black "Sorcinelli, Andrea"]
[Result "1-0"]
[WhiteElo "1892"]
[BlackElo "1921"]
[PlyCount "65"]
[EventDate "2016.??.??"]
[EventType "tourn (corr)"]
[EventRounds "1"]
[SourceTitle "Corr 2022"]
[Source "ChessBase"]
[SourceDate "2021.10.24"]
[SourceVersion "1"]
[SourceVersionDate "2021.10.24"]
[SourceQuality "1"]

1. d4 Nf6 2. c4 e6 3. Nf3 Bb4+ 4. Nbd2 b6 5. a3 Bxd2+ 6. Qxd2 Bb7 7. e3 0-0 8. Be2 d6 9. 0-0 Nbd7 10. b4 Ne4 11. Qc2 f5 12. d5 e5 13. Nd2 Nxd2 14. Bxd2 c6 15. dxc6 Bxc6 16. f3 Qf6 17. Rfd1 a5 18. Be1 Qe6 19. Qb3 Nf6 20. Ra2 Rfc8 21. Rad2 Ne8 22. b5 Bd7 23. e4 fxe4 24. fxe4 Qf7 25. Bh4 Be6 26. Rf1 Bxc4 27. Qg3 Qg6 28. Be7 Nf6 29. Qxg6 hxg6 30. Bxc4+ Rxc4 31. Bxf6 gxf6 32. Rxf6 Rxe4 33. Rdxd6 1-0

[Event "FICGS rapid B 000240 email"]
[Site "FICGS email"]
[Date "2016.04.02"]
[Round "1"]
[White "Salonen, Jukka"]
[Black "Velasco, Maria Jose"]
[Result "1/2-1/2"]
[WhiteElo "1881"]
[BlackElo "1892"]
[PlyCount "78"]
[EventDate "2016.??.??"]
[EventType "tourn (rapid)"]
[EventRounds "6"]
[SourceTitle "Corr 2022"]
[Source "ChessBase"]
[SourceDate "2021.10.24"]
[SourceVersion "1"]
[SourceVersionDate "2021.10.24"]
[SourceQuality "1"]

1. d4 Nf6 2. c4 e6 3. Nc3 Bb4 4. e3 0-0 5. Bd3 d5 6. Nf3 c5 7. 0-0 Nc6 8. a3 Bxc3 9. bxc3 Qc7 10. cxd5 exd5 11. a4 c4 12. Bc2 Re8 13. Nd2 Ng4 14. g3 Qa5 15. Bb2 Bd7 16. Rb1 f5 17. Qf3 Nf6 18. Bxf5 Bxf5 19. Qxf5 Qxa4 20. Ra1 Qb5 21. Rfb1 Na5 22. Bc1 Nb3 23. Nxb3 cxb3 24. Ra3 Qe2 25. Raxb3 b6 26. R3b2 Qc4 27. Rc2 Rac8 28. Rb4 Qa6 29. f3 Rc6 30. c4 Rxc4 31. Rcxc4 dxc4 32. Qb5 Qxb5 33. Rxb5 Rb8 34. e4 a6 35. Rb2 b5 36. Bd2 Nd7 37. Kf1 Nb6 38. Rc2 Na4 39. Ke2 c3 1/2-1/2

[Event "FICGS rapid B 000240 email"]
[Site "FICGS email"]
[Date "2016.04.02"]
[Round "1"]
[White "Velasco, Maria Jose"]
[Black "Sorcinelli, Andrea"]
[Result "1-0"]
[WhiteElo "1892"]
[BlackElo "1921"]
[PlyCount "73"]
[EventDate "2016.??.??"]
[EventType "tourn (rapid)"]
[EventRounds "6"]
[SourceTitle "Corr 2022"]
[Source "ChessBase"]
[SourceDate "2021.10.24"]
[SourceVersion "1"]
[SourceVersionDate "2021.10.24"]
[SourceQuality "1"]

1. d4 Nf6 2. c4 e6 3. Nf3 b6 4. g3 Bb7 5. Bg2 Be7 6. 0-0 0-0 7. Nc3 Ne4 8. Qc2 Nxc3 9. Qxc3 c5 10. Rd1 d6 11. b3 Bf6 12. Qc2 Nc6 13. Bb2 Qe7 14. e3 Rac8 15. Qe2 Rfe8 16. Rac1 Rcd8 17. a3 Nb8 18. e4 Qc7 19. dxc5 Bxb2 20. cxd6 Rxd6 21. Qxb2 Rxd1+ 22. Rxd1 Bxe4 23. Qe2 Bb7 24. Ne5 Bxg2 25. Kxg2 Qb7+ 26. Kg1 Qe7 27. b4 f6 28. Nf3 a5 29. bxa5 bxa5 30. Nd4 Nd7 31. Nc6 Qc5 32. Rxd7 Qxc6 33. Qd3 e5 34. Ra7 Qa4 35. Qd5+ Kh8 36. Rxa5 Qb3 37. Ra8 1-0

[Event "FICGS class C 000239 email"]
[Site "FICGS email"]
[Date "2016.03.12"]
[Round "1"]
[White "Proshkin, Andrey"]
[Black "Velasco, Maria Jose"]
[Result "0-1"]
[WhiteElo "1800"]
[BlackElo "1892"]
[PlyCount "70"]
[EventDate "2016.??.??"]
[EventType "tourn (corr)"]
[EventRounds "1"]
[SourceTitle "Corr 2022"]
[Source "ChessBase"]
[SourceDate "2021.10.24"]
[SourceVersion "1"]
[SourceVersionDate "2021.10.24"]
[SourceQuality "1"]

1. e4 c5 2. Nf3 d6 3. d4 cxd4 4. Qxd4 Nc6 5. Bb5 Bd7 6. Bxc6 Bxc6 7. c4 Nf6 8. Nc3 g6 9. 0-0 Bg7 10. Qd3 0-0 11. Nd4 Qb6 12. Rd1 Ng4 13. Qd2 Qc5 14. h3 Nf6 15. Qe2 Rac8 16. b3 a6 17. Bf4 Bd7 18. Be3 Qa5 19. Rac1 b5 20. Nd5 Nxd5 21. exd5 bxc4 22. bxc4 Qb4 23. Rd2 Rc7 24. Rb2 Qa4 25. Qd3 Rfc8 26. Rbc2 Rb8 27. Bg5 Be8 28. Nb3 h6 29. Bf4 Bd7 30. g4 Rbc8 31. Be3 h5 32. f3 Qb4 33. Bd2 Qa3 34. Ba5 Rb7 35. Bc3 Bxc3 0-1

[Event "FICGS rapid B 000239 email"]
[Site "FICGS email"]
[Date "2016.03.11"]
[Round "1"]
[White "Velasco, Maria Jose"]
[Black "Romano, Jacopo"]
[Result "1/2-1/2"]
[WhiteElo "1892"]
[BlackElo "1800"]
[PlyCount "84"]
[EventDate "2016.??.??"]
[EventType "tourn (rapid)"]
[EventRounds "6"]
[SourceTitle "Corr 2022"]
[Source "ChessBase"]
[SourceDate "2021.10.24"]
[SourceVersion "1"]
[SourceVersionDate "2021.10.24"]
[SourceQuality "1"]

1. d4 Nf6 2. c4 e6 3. Nf3 b6 4. g3 Ba6 5. b3 b5 6. cxb5 Bxb5 7. Bg2 d5 8. 0-0 Nbd7 9. Nc3 Ba6 10. Re1 Bb4 11. Bd2 c5 12. a3 Bxc3 13. Bxc3 Ne4 14. Rc1 Nxc3 15. Rxc3 cxd4 16. Nxd4 Bb7 17. Nc6 Bxc6 18. Rxc6 Nf6 19. b4 0-0 20. Qd4 Qe7 21. Rec1 a5 22. Qb2 axb4 23. axb4 Rfb8 24. b5 Qd8 25. e3 Rb7 26. Bf1 Rab8 27. Bd3 h6 28. Rb1 Nd7 29. Kg2 Qf6 30. Qc2 Qd8 31. Qc3 Qe8 32. Be2 Nb6 33. Rb4 Qf8 34. Rg4 Ra8 35. Bd3 Nd7 36. Rf4 Qe8 37. h4 Qd8 38. Rg4 Qf8 39. Be2 Nb6 40. Rb4 Qd8 41. Rf4 Qe8 42. Bd3 Nd7 1/2-1/2

[Event "FICGS rapid B 000239 email"]
[Site "FICGS email"]
[Date "2016.03.11"]
[Round "1"]
[White "Velasco, Maria Jose"]
[Black "Salonen, Jukka"]
[Result "1-0"]
[WhiteElo "1892"]
[BlackElo "1881"]
[PlyCount "97"]
[EventDate "2016.??.??"]
[EventType "tourn (rapid)"]
[EventRounds "6"]
[SourceTitle "Corr 2022"]
[Source "ChessBase"]
[SourceDate "2021.10.24"]
[SourceVersion "1"]
[SourceVersionDate "2021.10.24"]
[SourceQuality "1"]

1. d4 d5 2. c4 e6 3. Nc3 Nf6 4. cxd5 exd5 5. Bg5 c6 6. e3 Be7 7. Qc2 Nbd7 8. Bd3 0-0 9. Nf3 Re8 10. 0-0 Nf8 11. h3 Ng6 12. Ne5 Nd7 13. Bxe7 Qxe7 14. f4 Ndxe5 15. dxe5 f6 16. exf6 Qxf6 17. Rae1 Bd7 18. Kh2 b6 19. g3 Qd8 20. e4 d4 21. Nd1 a6 22. e5 c5 23. a4 Kh8 24. e6 Bxe6 25. f5 c4 26. Be4 Bxf5 27. Rxf5 Rc8 28. Rh5 Qd6 29. Qf2 d3 30. Qf5 h6 31. Re3 Nf8 32. Bd5 Red8 33. Qf7 Nh7 34. Rhe5 Qf8 35. Qxf8+ Rxf8 36. Bb7 Rc7 37. Bxa6 Nf6 38. Re7 Rc5 39. R3e5 Rf7 40. Kg2 Rxe7 41. Rxe7 Kg8 42. Re6 Nd5 43. Re5 Kf8 44. Bb7 Nc7 45. Rxc5 bxc5 46. Kf2 Ke8 47. a5 Kd7 48. Nc3 Ne8 49. Nb5 1-0

[Event "FICGS W-ch st1 g04 email"]
[Site "FICGS email"]
[Date "2016.03.02"]
[Round "1"]
[White "Aahlad, Yeturu"]
[Black "Velasco, Maria Jose"]
[Result "1-0"]
[WhiteElo "2001"]
[BlackElo "1892"]
[PlyCount "113"]
[EventDate "2016.??.??"]
[EventType "tourn (corr)"]
[EventRounds "8"]
[SourceTitle "Corr 2022"]
[Source "ChessBase"]
[SourceDate "2021.10.24"]
[SourceVersion "1"]
[SourceVersionDate "2021.10.24"]
[SourceQuality "1"]

1. e4 c5 2. Nf3 d6 3. d4 cxd4 4. Nxd4 Nf6 5. Nc3 a6 6. Be3 e5 7. Nb3 Be6 8. f3 h5 9. Nd5 Bxd5 10. exd5 Nbd7 11. Qd2 g6 12. Be2 Bg7 13. 0-0 b6 14. c4 0-0 15. Rad1 Re8 16. h3 Nh7 17. Bd3 Bf6 18. f4 exf4 19. Bxf4 Qc7 20. Rc1 Ne5 21. Be2 Nd7 22. Kh1 Bg7 23. Bd3 Rac8 24. a4 a5 25. Qf2 Nhf6 26. Bg5 Rf8 27. Rcd1 Rce8 28. Qh4 Nh7 29. Be7 Bxb2 30. Bxf8 Nhxf8 31. Rb1 Bh8 32. Nd4 Bxd4 33. Qxd4 Re5 34. Qf4 Nc5 35. Bc2 Re2 36. Rbe1 Rxe1 37. Rxe1 Qd8 38. Rf1 Qe7 39. Qf6 Qxf6 40. Rxf6 Nb7 41. c5 bxc5 42. Rf1 c4 43. Rb1 Nc5 44. Rb6 Nfd7 45. Rxd6 Ne5 46. Rd8+ Kg7 47. Ra8 Ned7 48. Rxa5 Kf6 49. Rb5 Na6 50. Kg1 Ke5 51. Kf2 Ndc5 52. Ke3 Kxd5 53. Be4+ Kd6 54. a5 f5 55. Bc2 Kd5 56. Rb6 c3 57. Ke2 1-0

[Event "FICGS class C 000231 email"]
[Site "FICGS email"]
[Date "2016.02.27"]
[Round "1"]
[White "Velasco, Maria Jose"]
[Black "O Brien, Glenn"]
[Result "1-0"]
[WhiteElo "1795"]
[BlackElo "1669"]
[PlyCount "81"]
[EventDate "2016.??.??"]
[EventType "tourn (corr)"]
[EventRounds "4"]
[SourceTitle "Corr 2022"]
[Source "ChessBase"]
[SourceDate "2021.10.24"]
[SourceVersion "1"]
[SourceVersionDate "2021.10.24"]
[SourceQuality "1"]

1. d4 Nf6 2. c4 e6 3. Nf3 b6 4. g3 d5 5. cxd5 exd5 6. Bg2 Bb7 7. Nc3 Be7 8. 0-0 0-0 9. Re1 Nc6 10. a3 a6 11. Bf4 Ne4 12. Qc2 f5 13. h4 Re8 14. Rac1 Bf6 15. e3 h6 16. h5 Qd7 17. Bh3 Rad8 18. Red1 Qc8 19. b4 b5 20. Qb3 Kf8 21. Nxe4 dxe4 22. d5 Ne5 23. Nxe5 Bxe5 24. d6 Bxf4 25. gxf4 Qe6 26. Qxe6 Rxe6 27. dxc7 Rxd1+ 28. Rxd1 Rc6 29. Rd7 Rc1+ 30. Kg2 a5 31. Bxf5 axb4 32. axb4 Rc4 33. Be6 Rc2 34. Rf7+ Kg8 35. Rf5+ Kh7 36. Rc5 Rxc5 37. bxc5 g5 38. f5 Kg7 39. c6 Ba6 40. c8Q Bxc8 41. Bxc8 1-0

[Event "FICGS class C 000231 email"]
[Site "FICGS email"]
[Date "2016.02.27"]
[Round "1"]
[White "Ward, David"]
[Black "Velasco, Maria Jose"]
[Result "0-1"]
[WhiteElo "1648"]
[BlackElo "1795"]
[PlyCount "52"]
[EventDate "2016.??.??"]
[EventType "tourn (corr)"]
[EventRounds "4"]
[SourceTitle "Corr 2022"]
[Source "ChessBase"]
[SourceDate "2021.10.24"]
[SourceVersion "1"]
[SourceVersionDate "2021.10.24"]
[SourceQuality "1"]

1. e4 c5 2. Nf3 d6 3. d4 cxd4 4. Nxd4 Nf6 5. Nc3 a6 6. Be3 e5 7. Nb3 Be6 8. h3 Be7 9. f4 Nc6 10. f5 Bxb3 11. axb3 Nb4 12. Bc4 Rc8 13. 0-0 b5 14. Bd5 Qd7 15. Kh2 0-0 16. Qe2 Rfe8 17. Bb6 Nbxd5 18. Nxd5 Qc6 19. Nxf6+ Bxf6 20. Rxa6 Qxc2 21. Qxc2 Rxc2 22. Ba5 Rxb2 23. b4 h5 24. Rxd6 Rc8 25. Rfd1 Rcc2 26. Rg1 Bg5 0-1

[Event "FICGS rapid B 000238 email"]
[Site "FICGS email"]
[Date "2016.02.15"]
[Round "1"]
[White "Velasco, Maria Jose"]
[Black "Cirulis, Ilmars"]
[Result "1/2-1/2"]
[WhiteElo "1795"]
[BlackElo "1909"]
[PlyCount "61"]
[EventDate "2016.??.??"]
[EventType "tourn (rapid)"]
[EventRounds "6"]
[SourceTitle "Corr 2022"]
[Source "ChessBase"]
[SourceDate "2021.10.24"]
[SourceVersion "1"]
[SourceVersionDate "2021.10.24"]
[SourceQuality "1"]

1. d4 a6 2. e4 e6 3. Bd3 d5 4. Nc3 Bb4 5. a3 dxe4 6. Bxe4 Bxc3+ 7. bxc3 Nf6 8. Bd3 c5 9. Nf3 Nbd7 10. 0-0 b5 11. c4 bxc4 12. Bxc4 Bb7 13. dxc5 0-0 14. Be3 Rc8 15. Rb1 Qc7 16. Nd2 Nd5 17. Bxd5 Bxd5 18. Nb3 Rfd8 19. Qe2 a5 20. a4 Rb8 21. Rfd1 Rb4 22. Rd4 Rxd4 23. Bxd4 Rb8 24. h3 Rb4 25. Bc3 Rxa4 26. Qb5 Rc4 27. Bxa5 Qc8 28. c3 h6 29. f3 Ne5 30. Re1 Bc6 31. Qb6 1/2-1/2

[Event "FICGS class C 000230 email"]
[Site "FICGS email"]
[Date "2016.01.04"]
[Round "1"]
[White "Jacon, Marcel"]
[Black "Velasco, Maria Jose"]
[Result "0-1"]
[WhiteElo "1628"]
[BlackElo "1795"]
[PlyCount "128"]
[EventDate "2016.??.??"]
[EventType "tourn (corr)"]
[EventRounds "4"]
[SourceTitle "Corr 2022"]
[Source "ChessBase"]
[SourceDate "2021.10.24"]
[SourceVersion "1"]
[SourceVersionDate "2021.10.24"]
[SourceQuality "1"]

1. e4 c5 2. Nf3 d6 3. d4 cxd4 4. Qxd4 Nc6 5. Bb5 Bd7 6. Bxc6 Bxc6 7. Nc3 Nf6 8. 0-0 e6 9. Rd1 Be7 10. Qd3 0-0 11. Nd4 Qa5 12. h3 Rfd8 13. Bf4 Be8 14. Qe2 Rac8 15. Nb3 Qc7 16. Rd3 h6 17. Qe3 Bc6 18. Re1 b5 19. a3 a5 20. Bxh6 b4 21. axb4 axb4 22. Qg3 Nh5 23. Qg4 bxc3 24. Qxh5 g6 25. Rg3 Kh7 26. Qf3 Kxh6 27. Qxf7 Bg5 28. Qxe6 Qd7 29. Qxd7 Rxd7 30. bxc3 Re8 31. h4 Bf6 32. Rge3 Rde7 33. Nd2 d5 34. exd5 Rxe3 35. Rxe3 Rxe3 36. fxe3 Bxd5 37. c4 Ba8 38. Nf3 Kh5 39. Nd4 Bxh4 40. c5 Bd5 41. Ne2 Bb7 42. Nd4 Kg4 43. c6 Ba6 44. Ne6 Bg3 45. Nd4 Bd6 46. Kf2 Bc4 47. Ke1 Kg3 48. Nf3 Bd5 49. Nd4 Be5 50. Kd2 Bxd4 51. exd4 Bxc6 52. Kd3 Bxg2 53. Kc4 Be4 54. c3 Kf4 55. Kc5 g5 56. d5 Bf5 57. d6 g4 58. Kc6 g3 59. d7 Bxd7+ 60. Kxd7 g2 61. Kc6 g1Q 62. Kb5 Ke4 63. c4 Qg5+ 64. Kc6 Kd4 0-1